মন ও মানসিকতা / (Record no. 74112)
[ view plain ]
| 000 -LEADER | |
|---|---|
| fixed length control field | 01168nam a2200289 a 4500 |
| 001 - CONTROL NUMBER | |
| control field | 74112 |
| 003 - CONTROL NUMBER IDENTIFIER | |
| rucl marc code | BD-RjUL |
| 005 - DATE AND TIME OF LATEST TRANSACTION | |
| control field | 20211209082509.0 |
| 008 - FIXED-LENGTH DATA ELEMENTS--GENERAL INFORMATION | |
| fixed length control field | 180228m20162009bg a|||| |||| 00| 0 ben d |
| 020 ## - INTERNATIONAL STANDARD BOOK NUMBER | |
| International Standard Book Number | 9789848815670 |
| Terms of availability | Tk. 375.00 |
| 035 ## - SYSTEM CONTROL NUMBER | |
| System control number | (BD-RjUL)74330 |
| 040 ## - CATALOGING SOURCE | |
| Original cataloging agency | BD-RjUL |
| Language of cataloging | eng |
| Transcribing agency | BD-RjUL |
| 041 ## - LANGUAGE CODE | |
| Language code of text/sound track or separate title | ben |
| 082 ## - DEWEY DECIMAL CLASSIFICATION NUMBER | |
| Edition number | 23 |
| Classification number | 153.9 |
| Author mark and year | KHM 2016 |
| 100 1# - MAIN ENTRY--PERSONAL NAME | |
| Personal name | খানম, মেহতাব |
| 9 (RLIN) | 220313 |
| 245 10 - TITLE STATEMENT | |
| Title | মন ও মানসিকতা / |
| Statement of responsibility, etc. | মেহতাব খানম, |
| 250 ## - EDITION STATEMENT | |
| Edition statement | ২য় সংস্করণ ২০১০ |
| 260 ## - PUBLICATION, DISTRIBUTION, ETC. (IMPRINT) | |
| Place of publication, distribution, etc. | ঢাকা : |
| Name of publisher, distributor, etc. | ইউনিভার্সিটি প্রেস , |
| Date of publication, distribution, etc. | ২০১০ (মুদ্রন ২০১৬) |
| 300 ## - PHYSICAL DESCRIPTION | |
| Pagination | ১০ , ২৬৪ পৃ. : |
| Illustrations | ছবি ; |
| Size | 22 সেমি. |
| 650 ## - SUBJECT ADDED ENTRY--TOPICAL TERM | |
| Topical term or geographic name as entry element | বহুমুখি বুদ্ধিমত্তা. |
| 9 (RLIN) | 220314 |
| Topical term or geographic name as entry element | Multiple intelligences. |
| 9 (RLIN) | 220315 |
| Topical term or geographic name as entry element | সামাজিক বুদ্ধিমত্তা |
| 9 (RLIN) | 220316 |
| Topical term or geographic name as entry element | Social intelligence. |
| 9 (RLIN) | 220317 |
| Topical term or geographic name as entry element | শিক্ষণ, এর মনোবিজ্ঞান |
| 9 (RLIN) | 220318 |
| Topical term or geographic name as entry element | Learning, Psychology of. |
| 9 (RLIN) | 220319 |
| 942 ## - ADDED ENTRY ELEMENTS (KOHA) | |
| Source of classification or shelving scheme | Dewey Decimal Classification |
| Koha item type | Books |
| Lost status | Source of classification or shelving scheme | Damaged status | Not for loan | Collection code | Permanent Location | Current Location | Shelving location | Date acquired | Source of acquisition | Cost, normal purchase price | Total Checkouts | Full call number | Date last seen | Copy number | Koha item type | Date checked out | Total Renewals |
|---|---|---|---|---|---|---|---|---|---|---|---|---|---|---|---|---|---|
| Dewey Decimal Classification | Not For Loan | Non-fiction | Central Library, University of Rajshahi | Central Library, University of Rajshahi | Reading Room | 30/03/2017 | Rajshahi Viddyasagor | 375.00 | B 153.9 KHM 2016 | 28/02/2018 | C-1 | Books | |||||
| Dewey Decimal Classification | Non-fiction | Central Library, University of Rajshahi | Central Library, University of Rajshahi | 30/03/2017 | Rajshahi Viddyasagor | 375.00 | 4 | B 153.9 KHM 2016 | 09/01/2022 | C-2 | Books | 28/12/2021 | |||||
| Dewey Decimal Classification | Non-fiction | Central Library, University of Rajshahi | Central Library, University of Rajshahi | 30/03/2017 | Rajshahi Viddyasagor | 375.00 | 10 | B 153.9 KHM 2016 | 26/06/2022 | C-3 | Books | 18/06/2022 | 1 |